Pathfinder NDA/NA National Defence Academy & Naval Academy Entrance Exams (Record no. 75100)

MARC details
000 -LEADER
fixed length control field 00397nam a22001097a 4500
020 ## - INTERNATIONAL STANDARD BOOK NUMBER
ISBN 978 932 7194 180
082 ## - DEWEY DECIMAL CLASSIFICATION NUMBER
Classification number 06.067(079)NDA
Item number PAT
245 ## - TITLE STATEMENT
Title Pathfinder NDA/NA National Defence Academy & Naval Academy Entrance Exams
260 ## - PUBLICATION, DISTRIBUTION, ETC. (IMPRINT)
Place of publication New Delhi
Name of publisher Arihant Publications
Year of publication 2023
650 ## - SUBJECT ADDED ENTRY--TOPICAL TERM
Topical Term National Defence Academy Entrance Exam
-- Naval Academy Entrance Exams
-- NDA/NA Entrance Exams
942 ## - ADDED ENTRY ELEMENTS (KOHA)
Koha item type Books
Holdings
Withdrawn status Lost status Damaged status Not for loan Home library Current library Date acquired Source of acquisition Full call number Accession Number Koha item type
        RRII Library RRII Library 06/10/2023 Technical Bureau India, Delhi, Inv No TB1891 dtd 26.09.2023 for RS 18320 06.067(079)NDA PAT 23606 Books